Statistics for Biggest Cities of Caribbean

Click here to take the quiz!

General Stats

  • This quiz has been taken 74 times
    (18 since last reset)
  • The average score is 8 of 15

Answer Stats

CountryPopulationCity% Correct
Cuba2,141,993Havana
100%
Jamaica937,700Kingston
100%
Haiti2,470,762Port-au-Prince
100%
USA (Puerto Rico)2,478,905San Juan
100%
Dominican Republic3,712,391Santo Domingo
100%
Trinidad and Tobago548,000Port of Spain
88%
Guyana354,964Georgetown
81%
Cuba423,392Santiago de Cuba
63%
Dominican Republic1,198,754Santiago de los Caballeros
63%
Cuba301,574Camaguey
19%
Dominican Republic301,375La Romana
13%
USA (Puerto Rico)306,292Aguadilla
6%
Haiti439,581Carrefour
6%
Haiti377,199Delmas
0%
Haiti359,615Petionville
0%

Score Distribution

Percentile by Number Answered

Percent of People with Each Score

Your Score History

You have not taken this quiz since the last reset